Fasti attici : in quibus archontum atheniensium series philosophorum, aliorumque illustrium virorum aetas atque praecipua atticae historiae capita per olympicos annos disposita describuntur novisque observationibus illustrantur : humaniorum litterarum professore : tomus quartus /

Gespeichert in:
Bibliographische Detailangaben
1. Verfasser: Corsino, Eduardo (autor)
Format: Buch
Sprache:Latein
Schlagworte:
Tags: Tag hinzufügen
Keine Tags, Fügen Sie das erste Tag hinzu!

MARC

LEADER 00000nam^a2200000^a^4500
001 000370999
005 20250526000000.0
009 20260310115919.02
037 |a Acervo Xavier Clavigero 
041 |a LAT 
082 |a 529. 322  |b COR V. 4 
100 |a Corsino, Eduardo  |e (autor) 
240 1 1 |a [Fasti attici] 
245 1 0 |a Fasti attici :  |b in quibus archontum atheniensium series philosophorum, aliorumque illustrium virorum aetas atque praecipua atticae historiae capita per olympicos annos disposita describuntur novisque observationibus illustrantur : humaniorum litterarum professore : tomus quartus /  |c E. Corsino. 
264 |a Florencia, Italia :  |b Pauli Giovannelli,  |c 1756 
300 |a VIII, 203 p. ;  |c 25.0 cm. 
336 |a texto  |b txt  |2 rdacontenido 
337 |a sin mediación  |b n  |2 rdamedio 
338 |a volumen  |b nc  |2 rdasoporte 
561 |a Ex libris de Carlos Ramírez Escandón 
561 |a Ex libris de Francisco J. Ramírez 
561 |a Ex libris de Bibl. Magnopontanae Domus Scti. Ioseph. Prov. Mex. Sept. S.I 
561 |a Ex libris de Instituto de Literatura Puente Grande, Jal. 
561 |a Ex libris de Bibl. Iunioratus Dom. Prob. S. Ioseph 
561 |a Ex libris de Ex Bibl. Ramírez 
649 |a XX 
650 |a Juegos Olímpicos -  |x Historia 
650 |a Calendario Griego -  |x Tema Principal 
650 |a Mitología Griega 
650 |a Astronomía 
650 |a Atenas, Grecia -  |x Historia Antigua 
650 |a Grecia -  |x Historia Antigua 
910 |a Fondo General 
920 |a Impresos - Libros 
930 |a Libros Antiguos y Raros 
905 |a 108 
901 |a 0500265314  |b IT2  |c LRA  |u 20250526 
902 |a https://opac.biblio.iteso.mx/vufind/Record/000370999